000 00692nam a2200265Ia 4500
003 OSt
005 20221007110403.0
006 a|||||r|||| 00| 0
007 ta
008 221006b |||||||| |||| 00| 0 eng d
020 _a0135294045
024 _a21,031
037 _cTextual
040 _aLCO
_cLCO
_beng
041 _2eng
_aeng
082 _aZv,73, L8
100 _aKolasa Blair J.
245 0 _aLegal Systems
260 _aNew
_bJersey Prentice - Hall U.S.A.
_c1978
300 _a643
650 _aLEGAL SYSTEMS
_9703198
700 _a Meyer Bernadine
_9707426
942 _hZv,73, L8
_cTEXL
999 _c1190594
_d1190594